000 00397nam a2200145Ia 4500
008 210716s1988 xx 000 0 und d
041 _aeng
082 _a004 FLOW
100 _aGalgotia,Suneel.
245 _aFlow charting: for beginners.
_bFor beginners.
250 _a1
260 _aNew Delhi
_bGalgotia Publications
_c1988
300 _a65
650 _aData processing, Computer science(004)
999 _c181077
_d181077